Tensor Algebra and Tensor Analysis for Engineers : (Record no. 535622)

000 -LEADER
fixed length control field 03957nam a22005895i 4500
001 - CONTROL NUMBER
control field 21676577
003 - CONTROL NUMBER IDENTIFIER
control field NUST
005 - DATE AND TIME OF LATEST TRANSACTION
control field 20200921095247.0
006 - FIXED-LENGTH DATA ELEMENTS--ADDITIONAL MATERIAL CHARACTERISTICS
fixed length control field m |o d |
007 - PHYSICAL DESCRIPTION FIXED FIELD--GENERAL INFORMATION
fixed length control field cr |||||||||||
008 - FIXED-LENGTH DATA ELEMENTS--GENERAL INFORMATION
fixed length control field 180915s2019 gw |||| o |||| 0|eng
010 ## - LIBRARY OF CONGRESS CONTROL NUMBER
LC control number 2019744492
020 ## - INTERNATIONAL STANDARD BOOK NUMBER
International Standard Book Number 9783319988061
024 7# - OTHER STANDARD IDENTIFIER
Standard number or code 10.1007/978-3-319-98806-1
Source of number or code doi
035 ## - SYSTEM CONTROL NUMBER
System control number (DE-He213)978-3-319-98806-1
038 ## - RECORD CONTENT LICENSOR
Staff Name MSOHAIL
040 ## - CATALOGING SOURCE
Original cataloging agency DLC
Language of cataloging eng
Description conventions pn
-- rda
Transcribing agency DLC
072 #7 - SUBJECT CATEGORY CODE
Subject category code SCI096000
Source bisacsh
072 #7 - SUBJECT CATEGORY CODE
Subject category code TGMD
Source bicssc
072 #7 - SUBJECT CATEGORY CODE
Subject category code TGMD
Source thema
082 04 - DEWEY DECIMAL CLASSIFICATION NUMBER
Classification number 620.1
Edition number 23
Author Mark ITS
100 1# - MAIN ENTRY--PERSONAL NAME
Personal name Itskov, Mikhail.
Relator term author.
9 (RLIN) 30313
245 10 - TITLE STATEMENT
Title Tensor Algebra and Tensor Analysis for Engineers :
Remainder of title With Applications to Continuum Mechanics /
Statement of responsibility, etc. by Mikhail Itskov.
250 ## - EDITION STATEMENT
Edition statement 5th ed. 2019.
264 #1 - PRODUCTION, PUBLICATION, DISTRIBUTION, MANUFACTURE, AND COPYRIGHT NOTICE
Place of production, publication, distribution, manufacture Cham :
Name of producer, publisher, distributor, manufacturer Springer International Publishing :
-- Imprint: Springer,
Date of production, publication, distribution, manufacture, or copyright notice 2019.
300 ## - PHYSICAL DESCRIPTION
Extent 1 online resource (XIX, 300 pages 20 illustrations, 13 illustrations in color.)
336 ## - CONTENT TYPE
Content type term text
Content type code txt
Source rdacontent
337 ## - MEDIA TYPE
Media type term computer
Media type code c
Source rdamedia
338 ## - CARRIER TYPE
Carrier type term online resource
Carrier type code cr
Source rdacarrier
347 ## - DIGITAL FILE CHARACTERISTICS
File type text file
Encoding format PDF
Source rda
490 1# - SERIES STATEMENT
Series statement Mathematical Engineering,
International Standard Serial Number 2192-4732
505 0# - FORMATTED CONTENTS NOTE
Formatted contents note Vectors and Tensors in a Finite-Dimensional Space -- Vector and Tensor Analysis in Euclidean Space -- Curves and Surfaces in Three-Dimensional Euclidean Space -- Eigenvalue Problem and Spectral Decomposition of Second-Order Tensors -- Fourth-Order Tensors -- Analysis of Tensor Functions -- Analytic Tensor Functions -- Applications to Continuum Mechanics.
520 ## - SUMMARY, ETC.
Summary, etc. This is the fifth and revised edition of a well-received textbook that aims at bridging the gap between the engineering course of tensor algebra on the one hand and the mathematical course of classical linear algebra on the other hand. In accordance with the contemporary way of scientific publication, a modern absolute tensor notation is preferred throughout. The book provides a comprehensible exposition of the fundamental mathematical concepts of tensor calculus and enriches the presented material with many illustrative examples. As such, this new edition also discusses such modern topics of solid mechanics as electro- and magnetoelasticity. In addition, the book also includes advanced chapters dealing with recent developments in the theory of isotropic and anisotropic tensor functions and their applications to continuum mechanics. Hence, this textbook addresses graduate students as well as scientists working in this field and in particular dealing with multi-physical problems. In each chapter numerous exercises are included, allowing for self-study and intense practice. Solutions to the exercises are also provided.
588 ## - SOURCE OF DESCRIPTION NOTE
Source of description note Description based on publisher-supplied MARC data.
650 #0 - SUBJECT ADDED ENTRY--TOPICAL TERM
Topical term or geographic name entry element Algebra.
9 (RLIN) 8509
650 #0 - SUBJECT ADDED ENTRY--TOPICAL TERM
Topical term or geographic name entry element Differential geometry.
9 (RLIN) 30314
650 #0 - SUBJECT ADDED ENTRY--TOPICAL TERM
Topical term or geographic name entry element Matrix theory.
9 (RLIN) 30315
650 #0 - SUBJECT ADDED ENTRY--TOPICAL TERM
Topical term or geographic name entry element Mechanics, Applied.
9 (RLIN) 13090
650 #0 - SUBJECT ADDED ENTRY--TOPICAL TERM
Topical term or geographic name entry element Mechanics.
9 (RLIN) 10681
650 14 - SUBJECT ADDED ENTRY--TOPICAL TERM
Topical term or geographic name entry element Solid Mechanics.
Authority record control number or standard number https://scigraph.springernature.com/ontologies/product-market-codes/T15010
9 (RLIN) 30212
650 24 - SUBJECT ADDED ENTRY--TOPICAL TERM
Topical term or geographic name entry element Classical Mechanics.
Authority record control number or standard number https://scigraph.springernature.com/ontologies/product-market-codes/P21018
9 (RLIN) 30316
650 24 - SUBJECT ADDED ENTRY--TOPICAL TERM
Topical term or geographic name entry element Differential Geometry.
Authority record control number or standard number https://scigraph.springernature.com/ontologies/product-market-codes/M21022
9 (RLIN) 30317
650 24 - SUBJECT ADDED ENTRY--TOPICAL TERM
Topical term or geographic name entry element Linear and Multilinear Algebras, Matrix Theory.
Authority record control number or standard number https://scigraph.springernature.com/ontologies/product-market-codes/M11094
9 (RLIN) 30318
776 08 - ADDITIONAL PHYSICAL FORM ENTRY
Relationship information Print version:
Title Tensor algebra and tensor analysis for engineers.
International Standard Book Number 9783319988054
Record control number (DLC) 2018950962
776 08 - ADDITIONAL PHYSICAL FORM ENTRY
Relationship information Printed edition:
International Standard Book Number 9783030075361
776 08 - ADDITIONAL PHYSICAL FORM ENTRY
Relationship information Printed edition:
International Standard Book Number 9783319988054
776 08 - ADDITIONAL PHYSICAL FORM ENTRY
Relationship information Printed edition:
International Standard Book Number 9783319988078
830 #0 - SERIES ADDED ENTRY--UNIFORM TITLE
Uniform title Mathematical Engineering,
International Standard Serial Number 2192-4732
9 (RLIN) 30319
856 40 - ELECTRONIC LOCATION AND ACCESS
Uniform Resource Identifier <a href="https://hdl.loc.gov/loc.gdc/stacks.2019744492">https://hdl.loc.gov/loc.gdc/stacks.2019744492</a>
Public note Available onsite via Stacks
906 ## - LOCAL DATA ELEMENT F, LDF (RLIN)
a 0
b ibc
c origres
d u
e ncip
f 20
g y-gencatlg
942 ## - ADDED ENTRY ELEMENTS (KOHA)
Source of classification or shelving scheme
Koha item type Book
Holdings
Withdrawn status Lost status Source of classification or shelving scheme Damaged status Not for loan Permanent Location Current Location Date acquired Total Checkouts Full call number Barcode Date last seen Price effective from Koha item type
          School of Civil and Environmental Engineering (SCEE) School of Civil and Environmental Engineering (SCEE) 09/21/2020   620.1 ITS NIT-13296 09/21/2020 09/21/2020 Book
© 2023 Central Library, National University of Sciences and Technology. All Rights Reserved.